Normal view
MARC view
Entry Personal Name
001 - CONTROL NUMBER
- control field: 66728
003 - CONTROL NUMBER IDENTIFIER
- control field: OSt
005 - DATE AND TIME OF LATEST TRANSACTION
- control field: 20220918184819.0
008 - FIXED-LENGTH DATA ELEMENTS
- fixed length control field: 220918|| aca||aabn | a|a d
040 ## - CATALOGING SOURCE
- Original cataloging agency: OSt
- Transcribing agency: OSt
100 ## - HEADING--PERSONAL NAME
- Personal name: Krishnamurthy K H
670 ## - SOURCE DATA FOUND
- Source citation: Work cat.: (OSt)177884: Krishnamurthy K H, New approach to the science of language, 1971
